Statistics for Biggest Cities by Peninsula #3

Click here to take the quiz!

General Stats

  • This quiz has been taken 24 times
    (17 since last reset)
  • The average score is 4 of 30

Answer Stats

Peninsula Population City % Correct
Kamchatka180,000Petropavlovsk-Kamchatsky
43%
Kola298,000Murmansk
36%
Sinai38,000Sharm el-Sheikh
36%
Peloponnese167,000Patras
36%
Upper (U.S.)14,000Sault Ste. Marie
29%
Istria57,000Pula
29%
Delmarva38,000Dover
21%
Cornwall22,000Truro
21%
Upper (U.S.)21,000Marquette
21%
Peloponnese31,000Tripoli
14%
Peloponnese54,000Kalamata
14%
Northland (N.Z.)54,000Whangarei
14%
Delmarva33,000Salisbury
14%
Istria25,000Koper
14%
Istria13,000Rovinj
7%
Upper (U.S.)12,000Escanaba
7%
Northland (N.Z.)6,000Kaitaia
7%
Northland (N.Z.)7,000Kerikeri
7%
Kola56,000Apatity
7%
Labrador26,000Sept-Îles
7%
Cornwall26,000St Austell
7%
Sinai138,000El Arish
0%
Kola51,000Severomorsk
0%
Sinai20,000El Tor
0%
Labrador16,000Eeyou Istchee
0%
Labrador22,000Baie-Comeau
0%
Cornwall24,000Falmouth
0%
Kamchatka22,000Vilyuchinsk
0%
Kamchatka39,000Yelizovo
0%
Delmarva21,000Middletown
0%

Score Distribution

Percentile by Number Answered

Percent of People with Each Score

Your Score History

You have not taken this quiz since the last reset